00454nam a2200193Ia 4500008004100000020001400041050001400055100001800069245002100087245003400108245001800142260001500160260001600175260000900191300001500200300002700215300001000242500000800252170918s9999 xx 000 0 und d a43910632x bS121 2000 aSachar, Louis aMarvin redpost : bsuper fast, out of control! / cLouis Sachar. aNew York : bScholastic, c2000 a79 pages : bcolored illustration ; c19cm. a420